Statistiken für Land zu Landkürzel

Klicken Sie hier um das Quiz zu spielen!

Allgemein

  • Dieses Quiz wurde 114 mal gespielt
  • Das Durchschnittsergebnis liegt bei 136 aus 196

Antwortstatistiken

LandKürzel% Korrekt
ArgentinienAR
92%
USAUS
92%
BolivienBO
91%
BrasilienBR
91%
BelgienBE
89%
DeutschlandDE
89%
MexikoMX
89%
Bosnien-HerzegowinaBA
88%
GriechenlandGR
88%
St. Kitts u. NevisKN
88%
AlbanienAL
87%
KanadaCA
87%
SchweizCH
87%
Costa RicaCR
86%
EcuadorEC
86%
SpanienES
86%
Antigua u. BarbudaAG
85%
ÖsterreichAT
85%
BahrainBH
85%
KolumbienCO
85%
NicaraguaNI
85%
PanamaPA
85%
AndorraAD
84%
BulgarienBG
84%
Dominikanische RepublikDO
84%
FrankreichFR
84%
GuyanaGY
84%
HaitiHT
84%
PeruPE
84%
VenezuelaVE
84%
BahamasBS
83%
GabunGA
83%
ItalienIT
83%
JamaikaJM
83%
LiechtensteinLI
83%
LuxemburgLU
83%
MontenegroME
83%
Sierra Leone | SlowenienSL
83%
GeorgienGE
82%
GuatemalaGT
82%
HondurasHN
82%
IranIR
82%
AustralienAU
81%
BelizeBZ
81%
ChileCL
81%
MarokkoMA
81%
PolenPL
81%
ParaguayPY
81%
SurinameSR
81%
Trinidad u. TobagoTT
81%
UruguayUY
81%
VatikanstadtVA
81%
BarbadosBB
80%
KubaCU
80%
DänemarkDK
80%
DominicaDM
80%
ÄthiopienET
80%
FinnlandFI
80%
GuineaGN
80%
UngarnHU
80%
IslandIS
80%
LitauenLT
80%
MonacoMC
80%
RusslandRU
80%
SchwedenSE
80%
GrenadaGD
78%
MaltaMT
78%
NorwegenNO
78%
Saudi-ArabienSA
78%
San MarinoSM
78%
GroßbritannienGB
77%
St. LuciaLC
77%
MoldawienMD
77%
MaliML
77%
SalomonenSB
77%
El SalvadorSV
77%
NigerNE
76%
SlowakeiSK
76%
TunesienTU
76%
BurundiBI
75%
BruneiBN
75%
IsraelIL
75%
KeniaKE
75%
KiribatiKI
75%
MalawiMW
75%
SomaliaSO
75%
São Tomé u. P.ST
75%
UgandaUG
75%
MadagaskarMG
74%
MongoleiMN
74%
PortugalPT
74%
SudanSD
74%
SenegalSN
74%
BhutanBT
73%
ElfenbeinküsteCI
73%
LaosLA
73%
NiederlandeNL
73%
TürkeiTR
73%
SüdkoreaKR
72%
LesothoLS
72%
NamibiaNA
72%
NigeriaNG
72%
SüdsudanSS
72%
Burkina FasoBF
71%
EritreaER
71%
GambiaGM
71%
IndienIN
71%
KomorenKM
71%
MosambikMZ
71%
ArmenienAM
70%
AngolaAO
70%
BangladeschBD
70%
ChinaCN
70%
GhanaGH
70%
IndonesienID
70%
LibyenLY
70%
MauretanienMR
70%
TongaTO
70%
AfghanistanAF
69%
BotswanaBW
69%
TschechienCZ
69%
KirgistanKG
69%
LibanonLB
69%
Papua-NeuguineaPG
69%
RumänienRO
69%
SeychellenSC
69%
SingapurSG
69%
ThailandTH
69%
VietnamVN
69%
V.A. EmirateAE
68%
MalaysiaMY
68%
NepalNP
68%
SyrienSY
68%
UkraineUA
68%
ÄgyptenEG
67%
KuwaitKW
67%
NauruNR
67%
OmanOM
67%
PhillipinenPH
67%
TuvaluTV
67%
JordanienJO
66%
JapanJP
66%
PakistanPK
66%
MyanmarMM
65%
MauritiusMU
65%
TogoTG
65%
TaiwanTW
65%
KroatienHR
63%
VanuatuVU
62%
ZypernCY
61%
MazedonienMK
61%
TschadTD
61%
MaledivenMV
60%
KamerunCM
59%
Kap VerdeCV
59%
LiberiaLR
59%
LettlandLV
59%
NeuseelandNZ
59%
TurkmenistanTM
59%
SüdafrikaZA
57%
IrlandIE
56%
KatarQA
56%
AserbaidschanAZ
55%
D.R. KongoCD
52%
IrakIQ
52%
Marshall InselnMH
52%
St. Vincent u. d. GrenadinenVC
51%
FidschiFJ
49%
TadschikistanTJ
47%
EstlandEE
46%
KambodschaKH
46%
SambiaZM
46%
DschibutiDJ
45%
KasachstanKZ
45%
JemenYE
45%
MikronesienFM
44%
Sri LankaLK
44%
UsbekistanUZ
44%
RuandaRW
43%
TansaniaTZ
43%
Rep. KongoCG
42%
NordkoreaKP
42%
SimbabweZW
39%
OsttimorTL
37%
SwasilandSZ
34%
BeninBJ
33%
Zentralafrikanische Rep.CF
32%
BelarusBY
29%
AlgerienDZ
28%
ÄquatorialguineaGQ
28%
Guinea-BissauGW
26%
PalauPW
23%
SamoaWS
20%
KosovoXK
15%
SerbienXS
14%

Verteilung der Resultate

Perzentil nach korrekt beantworteten Fragen

Anzahl Personen mit jedem Resultat

Ihre Resultats-Entwicklung

Sie haben dieses Quiz noch nicht gespielt